00591nam a22001577a 450000500170000001000150001702000260003203500140005803700130007208200110008510000210009624501780011726000320029527000760032730000300040320200923150640.0 aENG-128465 c480.00a9789389538106 aEN-111997 bDBAD/PUB a954.21 aKharole, Monisha aMadhya Pradesh Objective Question Bank : bComplete Guide to State Civil Services Preliminary and Main examinations/cby Monisha Kharole, Kumar Arvind and Ravishankar Tiwari aChennaibMc Graw Hillc2020 a444/1 Sri Ekambara Naicker Industrial Estate AlapakkambChennaie600116 aVarious Pages.c24cm(pbk)